• 首页
  • 本馆介绍
  • 公告通知
  • 最新文献
  • 馆藏检索
  • 电子资源
  • 读者导购
  • 参考咨询
  • 我的图书馆
  • 登录
  • 详细信息显示
  • 放入我的书架
  • 预约/预借图书
  • 作者相关作品
  • 分类相关作品
  • 丛书相关作品
  • 出版社相关作品

书目信息

  • 表格格式
  • 工作单格式
  • 卡片格式
题名:
观音阁
    
 
作者: 吴晓东 , 张舒郁 , 王丹 著
分册:  
出版信息: 南京   江苏凤凰科学技术出版社  2016.05
页数: 56页
开本: 29cm
丛书名: 大连古建筑测绘十书
单 册:
中图分类: TU198-64 , TU198
科图分类:
主题词: 寺庙--si miao--古建筑--建筑测量--大连--图集
电子资源:
ISBN: 978-7-5537-5711-7
000 01155nam 2200289 450
001 2327161863
005 20231127073258.85
010    @a978-7-5537-5711-7@dCNY78.80
100    @a20160520d2016 em y0chiy50 ea
101 0  @achi
102    @aCN@b320000
105    @aa a 000yy
200 1  @a观音阁@Aguan yin ge@f吴晓东, 张舒郁, 王丹著
210    @a南京@c江苏凤凰科学技术出版社@d2016.05
215    @a56页@c图 (部分彩图)@d29cm
225 2  @a大连古建筑测绘十书@Ada lian gu jian zhu ce hui shi shu
320    @a有书目 (第54页)
330    @a本书将作者七年的测绘成果加以整理、遴选、完善, 这些测绘图是大连理工大学建筑学院师生们辛劳和汗水的结晶, 是一份珍贵的资料集, 展示了大连横山书院、永丰塔整体与局部的结构、造型与细部, 尽可能多地保留了大连横山书院、永丰塔测绘的原始数据。本册为观音阁, 主要内容包括: 辽南第一名胜、二僧斗法等。
410  0 @12001 @a大连古建筑测绘十书
606 0  @a寺庙@Asi miao@x古建筑@x建筑测量@y大连@j图集
690    @aTU198-64@v5
690    @aTU198@v4
701  0 @a吴晓东@Awu xiao dong@4著
701  0 @a张舒郁@Azhang shu yu@4著
701  0 @a王丹@Awang dan@4著
801  0 @aCN@b人天书店@c20160520
905    @aBZT@dTU198@e25
    
    观音阁/吴晓东, 张舒郁, 王丹著.-南京:江苏凤凰科学技术出版社,2016.05
    56页:图 (部分彩图);29cm.-(大连古建筑测绘十书)
    
    
    ISBN 978-7-5537-5711-7:CNY78.80
    本书将作者七年的测绘成果加以整理、遴选、完善, 这些测绘图是大连理工大学建筑学院师生们辛劳和汗水的结晶, 是一份珍贵的资料集, 展示了大连横山书院、永丰塔整体与局部的结构、造型与细部, 尽可能多地保留了大连横山书院、永丰塔测绘的原始数据。本册为观音阁, 主要内容包括: 辽南第一名胜、二僧斗法等。
●
相关链接 在五车中查询图书 在当当中查询图书 在豆瓣中查询图书


正题名:观音阁     索取号:TU198/25         预约/预借

序号 登录号 条形码 馆藏地/架位号 状态 备注
1 2001098037   2001098037   东辅楼二楼书库/ [索取号:TU198/25] 在馆    
2 2001098038   2001098038   东辅楼二楼书库/ [索取号:TU198/25] 在馆    
3 2001098039   2001098039   东辅楼二楼书库/ [索取号:TU198/25] 在馆    
4 2001098040   2001098040   东辅楼二楼书库/ [索取号:TU198/25] 在馆    
5 2001098041   2001098041   东辅楼二楼书库/ [索取号:TU198/25] 在馆    
6 2001098042   2001098042   东辅楼二楼书库/ [索取号:TU198/25] 在馆    
7 2001098043   2001098043   东辅楼二楼书库/ [索取号:TU198/25] 在馆    
8 2001098044   2001098044   东辅楼二楼书库/ [索取号:TU198/25] 在馆    
9 2001098045   2001098045   东辅楼二楼书库/ [索取号:TU198/25] 在馆    
10 2001098046   2001098046   东辅楼二楼书库/ [索取号:TU198/25] 在馆    
11 2001098047   2001098047   东辅楼二楼书库/ [索取号:TU198/25] 在馆    
12 2001098048   2001098048   东辅楼二楼书库/ [索取号:TU198/25] 在馆    
13 2001098049   2001098049   东辅楼二楼书库/ [索取号:TU198/25] 在馆    
14 2001098050   2001098050   东辅楼二楼书库/ [索取号:TU198/25] 在馆    
15 2001098051   2001098051   东辅楼二楼书库/ [索取号:TU198/25] 在馆    
16 2001098052   2001098052   东辅楼二楼书库/ [索取号:TU198/25] 在馆    
17 2001098053   2001098053   东辅楼二楼书库/ [索取号:TU198/25] 在馆    
18 2001098054   2001098054   东辅楼二楼书库/ [索取号:TU198/25] 在馆    
19 2001098055   2001098055   东辅楼二楼书库/ [索取号:TU198/25] 在馆    
20 2001098056   2001098056   东辅楼二楼书库/ [索取号:TU198/25] 在馆    
21 2001098057   2001098057   东辅楼二楼书库/ [索取号:TU198/25] 在馆    
22 2001098058   2001098058   东辅楼二楼书库/ [索取号:TU198/25] 在馆    
23 2001098059   2001098059   东辅楼二楼书库/ [索取号:TU198/25] 在馆    
24 2001098060   2001098060   东辅楼二楼书库/ [索取号:TU198/25] 在馆    
25 2001098061   2001098061   东辅楼二楼书库/ [索取号:TU198/25] 在馆    
26 2001098062   2001098062   东辅楼二楼书库/ [索取号:TU198/25] 在馆    
27 2001098063   2001098063   东辅楼二楼书库/ [索取号:TU198/25] 在馆    
28 2001098064   2001098064   东辅楼二楼书库/ [索取号:TU198/25] 在馆    
29 2001098065   2001098065   东辅楼二楼书库/ [索取号:TU198/25] 在馆    
30 2001098066   2001098066   东辅楼二楼书库/ [索取号:TU198/25] 在馆    
山东省滨州职业学院图书馆 欢迎您!
大连网信软件有限公司© 版权所有